Name All Shakespeare Characters - Statistics

General Stats
  • This quiz has been taken 1,531 times
  • The average score is 259 of 1280
Answer Stats
Play Character % Correct
Measure for Measure | Romeo and Juliet Juliet
91%
Romeo and Juliet Romeo
90%
Hamlet, Prince of Denmark Hamlet
88%
Macbeth Macbeth
87%
Richard II Henry Bolingbroke, Duke of Hereford
86%
Henry VI Part 3 | Richard III Henry, Earl of Richmond
86%
Henry IV Part 1 | Henry IV Part 2 Henry, Prince of Wales
86%
Henry IV Part 1 | Henry IV Part 2 King Henry IV
86%
Henry V King Henry V
86%
Henry VI Part 1 | Henry VI Part 2 | Henry VI Part 3 King Henry VI
86%
Henry VIII King Henry VIII
86%
Antony and Cleopatra | Julius Caesar Mark Antony
86%
King John Prince Henry
85%
Henry VIII Women
85%
Coriolanus Gentlewoman
84%
Henry VIII Patience
84%
The Two Noble Kinsmen Woman
84%
Antony and Cleopatra | Cymbeline | Henry V | +6 others Ladies
83%
Antony and Cleopatra Cleopatra
82%
Edward III King John II of France
82%
King Lear King Lear
82%
Richard III King Richard III
82%
Henry VIII Old Lady
82%
Othello Othello
82%
Henry VI Part 3 Richard
82%
Richard III Richard, Duke of York
81%
Richard II King Richard II
80%
Henry VI Part 2 Richard
80%
King John King John
79%
Romeo and Juliet Friar John
78%
Julius Caesar Julius Caesar
77%
Richard III Ghost of Prince Edward
75%
Henry VI Part 2 | Henry VI Part 3 Edward
72%
Edward III King Edward III
72%
Richard III King Edward IV
72%
Edward III | Henry VI Part 3 | Richard III Prince Edward
72%
Titus Andronicus Titus Andronicus
69%
Timon of Athens Titus
68%
Coriolanus Titus Lartius
68%
Troilus and Cressida Cressida
67%
Macbeth Lady Macbeth
67%
Hamlet, Prince of Denmark Ophelia
66%
Pericles, Prince of Tyre Pericles
66%
A Midsummer Night's Dream Puck
66%
Troilus and Cressida Troilus
65%
Timon of Athens Timon of Athens
64%
Richard III Lady Anne
63%
Henry V Princess Katharine
62%
Henry VIII Queen Katharine
62%
Coriolanus Caius Martius Coriolanus
61%
Romeo and Juliet Mercutio
61%
Cymbeline Cymbeline
60%
Coriolanus Junius Brutus
60%
Julius Caesar Marcus Brutus
60%
Macbeth Witches
60%
The Taming of the Shrew Katharina
59%
Othello Iago
57%
Antony and Cleopatra | Julius Caesar Octavius Caesar
55%
The Taming of the Shrew Peter
54%
Romeo and Juliet Servants
54%
Macbeth Macduff
53%
The Merry Wives of Windsor Anne Page
52%
Othello Desdemona
52%
Richard II Duke of York
52%
Love's Labour's Lost Katharine
52%
Henry VIII Porter's Man
52%
Henry IV Part 2 Drawers
51%
Romeo and Juliet Capulet
50%
Twelfth Night Duke Orsino
50%
A Midsummer Night's Dream Oberon
49%
The Taming of the Shrew Philip
49%
Romeo and Juliet Prince Escalus
49%
The Merchant of Venice Shylock
49%
Hamlet, Prince of Denmark | Julius Caesar Claudius
48%
As You Like It Duke Frederick
48%
Macbeth King Duncan
48%
Henry VI Part 3 Montague
48%
Henry VI Part 3 | Romeo and Juliet | Titus Andronicus Nurse
48%
The Merchant of Venice Prince of Arragon
48%
The Merchant of Venice Prince of Morocco
48%
Richard II Duke of Surrey
47%
Troilus and Cressida Helen
47%
A Midsummer Night's Dream Helena
47%
The Taming of the Shrew Joseph
47%
Henry VI Part 3 Lady Grey
47%
The Taming of the Shrew Lord
47%
A Midsummer Night's Dream | All's Well That Ends Well | As You Like It | +18 others Lords
47%
Romeo and Juliet Montague
47%
Richard III Queen Elizabeth
47%
Edward III Sir William Montague
47%
All's Well That Ends Well Duke of Florence
46%
The Two Gentlemen of Verona Duke of Milan
46%
Othello | The Merchant of Venice Duke of Venice
46%
The Comedy of Errors Duke Solinus
46%
Measure for Measure Duke Vincentio
46%
Richard III Girl
46%
King John Queen Elinor
46%
A Midsummer Night's Dream Titania
46%
As You Like It William
46%
The Merry Wives of Windsor William Page
46%
A Midsummer Night's Dream Bottom
44%
The Tempest Prospero
44%
Henry V Boy
43%
King Lear Cordelia
43%
The Taming of the Shrew Nicholas
43%
Henry IV Part 2 Pages
43%
The Merry Wives of Windsor Robin
43%
Hamlet, Prince of Denmark Rosencrantz
43%
Henry IV Part 1 | Henry IV Part 2 | The Merry Wives of Windsor Sir John Falstaff
43%
Romeo and Juliet Tybalt
43%
Hamlet, Prince of Denmark Ghost
42%
Richard III Ghost of King Henry VI
42%
Hamlet, Prince of Denmark Guildenstern
42%
All's Well That Ends Well Messenger
42%
The Taming of the Shrew Nathaniel
42%
Edward III Queen Philippa
42%
The Taming of the Shrew Curtis
41%
Julius Caesar | The Merchant of Venice Portia
41%
Cymbeline | Richard II Queen
41%
The Two Noble Kinsmen Queens
41%
Twelfth Night Viola
41%
Macbeth | Richard III Boy
40%
Richard II Duchess of Gloucester
40%
The Taming of the Shrew Page
40%
King Lear Regan
40%
Hamlet, Prince of Denmark | Henry IV Part 1 | Henry VIII | +6 others Servant
40%
Antony and Cleopatra | Henry IV Part 2 | Henry VI Part 1 | +11 others Servants
40%
Coriolanus Servingmen
40%
Henry VI Part 1 Warders
40%
Henry VI Part 1 Boy
39%
Henry VIII Page
39%
As You Like It Rosalind
39%
Love's Labour's Lost Rosaline
39%
Much Ado About Nothing | The Merchant of Venice | The Tempest | +2 others Antonio
38%
Macbeth Banquo
38%
Hamlet, Prince of Denmark Gertrude
38%
Twelfth Night Lady Olivia
38%
Julius Caesar Lucius
38%
Hamlet, Prince of Denmark Polonius
38%
Henry VI Part 1 Charles the Dauphin
37%
Romeo and Juliet Count Paris
37%
Henry VI Part 2 Duchess of Gloucester
37%
Richard II | Richard III Duchess of York
37%
Richard III Duke of Clarence
37%
Henry VI Part 3 George
37%
Henry VI Part 1 Governor of Paris
37%
Hamlet, Prince of Denmark Horatio
37%
Troilus and Cressida Paris
36%
Romeo and Juliet Peter
36%
King John Peter of Pomfret
36%
Henry VI Part 2 Peter Thump
36%
Much Ado About Nothing Beatrice
35%
Henry IV Part 2 Duke of Clarence
35%
Romeo and Juliet Benvolio
34%
Henry VIII Cardinal Wolsey
34%
King Lear Goneril
34%
Hamlet, Prince of Denmark Laertes
34%
Titus Andronicus Marcus Andronicus
34%
Henry VI Part 2 Margaret Jourdain
34%
Love's Labour's Lost Princess of France
34%
Richard III Archbishop of York
33%
Much Ado About Nothing Benedick
33%
Measure for Measure | Much Ado About Nothing | The Two Noble Kinsmen | Troilus and Cressida Boy
33%
As You Like It Charles
33%
Romeo and Juliet Lady Capulet
33%
Henry VI Part 1 | Much Ado About Nothing Margaret
33%
Love's Labour's Lost | Twelfth Night Maria
33%
Troilus and Cressida Myrmidons
33%
Edward III Prince Charles of Normandy
33%
Henry VI Part 2 | Henry VI Part 3 | Richard III Queen Margaret
33%
The Tempest | Twelfth Night Sebastian
33%
Coriolanus Sentinels
33%
Timon of Athens Soldier
33%
All's Well That Ends Well | Antony and Cleopatra | Coriolanus | +17 others Soldiers
33%
Titus Andronicus Young Lucius
33%
Coriolanus Young Martius
33%
Henry VI Part 3 Earl of Rutland
32%
King Lear Edmund
32%
Henry IV Part 1 | Henry IV Part 2 Archbishop of York
31%
Othello | The Taming of the Shrew Bianca
31%
Julius Caesar Cassius
31%
A Midsummer Night's Dream Lysander
31%
Henry VI Part 3 Mayor of York
31%
The Tempest Miranda
31%
A Midsummer Night's Dream | Love's Labour's Lost Moth
31%
Hamlet, Prince of Denmark | Richard III | Twelfth Night Priest
31%
Henry VIII Priests
31%
The Tempest Ariel
30%
The Tempest Caliban
30%
Henry VIII Duchess of Norfolk
30%
Henry IV Part 2 | Henry V | Henry VI Part 1 | Henry VI Part 2 Duke of Gloucester
30%
King Lear Earl of Gloucester
30%
King Lear | Timon of Athens Fool
30%
Hamlet, Prince of Denmark Gravediggers
30%
All's Well That Ends Well Helena
30%
Much Ado About Nothing Hero
30%
Romeo and Juliet Lady Montague
30%
Macbeth Malcolm
30%
A Midsummer Night's Dream | All's Well That Ends Well | Antony and Cleopatra | +28 others Attendants
29%
Henry V Dauphin
29%
A Midsummer Night's Dream Hermia
29%
The Two Gentlemen of Verona Julia
29%
King John Lewis the Dauphin
29%
Julius Caesar Citizens
28%
A Midsummer Night's Dream | Antony and Cleopatra | Titus Andronicus Demetrius
28%
Henry V Duke of York
28%
Henry VIII Gentleman-Usher
28%
King Lear | The Two Noble Kinsmen Knights
28%
King John Philip the Bastard
28%
Henry VI Part 1 | Henry VI Part 2 | Henry VI Part 3 Richard Plantagenet
28%
The Comedy of Errors Aemilia
27%
Julius Caesar Carpenter
27%
Measure for Measure | Much Ado About Nothing Claudio
27%
Henry VI Part 3 Father that has killed his son
27%
All's Well That Ends Well | Cymbeline | Hamlet, Prince of Denmark | +9 others Gentlemen
27%
Edward III King David the Bruce of Scotland
27%
All's Well That Ends Well | King Lear King of France
27%
King John King Philip II
27%
Pericles, Prince of Tyre Knights
27%
Macbeth Lady Macduff
27%
Henry V Queen Isabel
27%
Twelfth Night Sir Andrew Aguecheek
27%
The Two Noble Kinsmen Wenches
27%
Julius Caesar Cobbler
26%
King Lear | The Two Noble Kinsmen Doctor
26%
Macbeth Doctors
26%
Henry IV Part 1 Francis
26%
Romeo and Juliet Friar Laurence
26%
Macbeth Gentlewoman
26%
Henry VI Part 2 | Richard II Guard
26%
Antony and Cleopatra | Henry VIII | Richard III Guards
26%
Hamlet, Prince of Denmark | Henry VI Part 2 | King Lear | +2 others Captain
25%
Antony and Cleopatra | Coriolanus | Cymbeline | +2 others Captains
25%
Twelfth Night Clown
25%
Hamlet, Prince of Denmark Danes
25%
King Lear Edgar
25%
A Midsummer Night's Dream Fairies
25%
The Tempest Mariners
25%
Edward III Polonian Captain
25%
Edward III Prince Philip
25%
King John Robert Faulconbridge
25%
Richard II Welsh Captain
25%
Richard III Archbishop of Canterbury
24%
Coriolanus Citizens
24%
Love's Labour's Lost King Ferdinand
24%
Twelfth Night Malvolio
24%
Antony and Cleopatra Octavia
24%
Henry VI Part 3 Son that has killed his father
24%
Edward III | Henry V | Henry VI Part 2 | +4 others Citizens
23%
Othello | The Two Noble Kinsmen | The Winter's Tale Emilia
23%
The Tempest Ferdinand
23%
The Winter's Tale Hermione
23%
Henry VI Part 2 Michael
23%
Cymbeline Mother
23%
As You Like It Oliver
23%
All's Well That Ends Well | Richard III | Romeo and Juliet | +2 others Page
23%
As You Like It Pages
23%
Hamlet, Prince of Denmark Players
23%
Othello Sailor
23%
Hamlet, Prince of Denmark | Pericles, Prince of Tyre | Twelfth Night Sailors
23%
Henry IV Part 1 Sir Michael
23%
Henry VI Part 2 Townsman
23%
Troilus and Cressida Achilles
22%
Troilus and Cressida Alexander
22%
Richard III Bishops
22%
Othello Cassio
22%
Henry IV Part 2 Dancer
22%
The Taming of the Shrew Players
22%
Henry IV Part 2 | Henry VI Part 1 | Henry VIII | Macbeth Porter
22%
As You Like It Adam
21%
King John Arthur
21%
Pericles, Prince of Tyre Daughter of Antiochus
21%
King Lear Earl of Kent
21%
Henry IV Part 1 | Henry IV Part 2 | Richard II Earl of Northumberland
21%
A Midsummer Night's Dream | The Two Noble Kinsmen Hippolyta
21%
Measure for Measure Isabella
21%
The Two Noble Kinsmen Jailer's Daughter
21%
The Merchant of Venice Jessica
21%
Richard II John of Gaunt, Duke of Lancaster
21%
Timon of Athens Merchant
21%
The Comedy of Errors Merchants
21%
Cymbeline | Hamlet, Prince of Denmark | Henry IV Part 2 | +8 others Messenger
21%
Antony and Cleopatra | Coriolanus | Edward III | +11 others Messengers
21%
The Taming of the Shrew Petruchio
21%
A Midsummer Night's Dream | The Two Noble Kinsmen Theseus
21%
All's Well That Ends Well | Antony and Cleopatra | Othello | +2 others Clown
20%
Henry V | Henry VI Part 1 Duke of Bedford
20%
King Lear Duke of Cornwall
20%
Troilus and Cressida Hector
20%
Henry IV Part 1 | Richard II Henry Percy Hotspur
20%
Henry IV Part 1 | Henry IV Part 2 John of Lancaster
20%
Henry VIII | Richard III Lord Mayor of London
20%
Henry VI Part 1 Mayor of London
20%
Henry VIII Thomas Cranmer, Archbishop of Canterbury
20%
The Winter's Tale Time
20%
Henry V Archbishop of Canterbury
19%
Much Ado About Nothing Don John
19%
Hamlet, Prince of Denmark Fortinbras
19%
Pericles, Prince of Tyre Gower
19%
A Midsummer Night's Dream Snug
19%
Cymbeline Caius Lucius
18%
Henry V | Romeo and Juliet | The Two Noble Kinsmen | Troilus and Cressida Chorus
18%
Julius Caesar Cicero
18%
Coriolanus Conspirators
18%
Much Ado About Nothing Don Pedro
18%
Macbeth Fleance
18%
The Two Noble Kinsmen Gentleman
18%
Timon of Athens | Titus Andronicus Lucius
18%
As You Like It Orlando
18%
Antony and Cleopatra Pompey
18%
Henry VIII Prologue
18%
Henry IV Part 2 Rumour
18%
A Midsummer Night's Dream Snout
18%
Richard II Thomas Mowbray, Duke of Norfolk
18%
Romeo and Juliet Apothecary
17%
Henry VIII Cardinal Campeius
17%
Edward III Countess of Salisbury
17%
All's Well That Ends Well | Pericles, Prince of Tyre Diana
17%
Macbeth Donalbain
17%
The Comedy of Errors | The Merchant of Venice | The Two Noble Kinsmen | The Winter's Tale Jailer
17%
Cymbeline | Henry VI Part 1 Jailers
17%
Richard II Lord Ross
17%
Henry VI Part 2 | Macbeth | Richard III Murderers
17%
Macbeth Ross
17%
Troilus and Cressida Ulysses
17%
Henry VI Part 1 | Much Ado About Nothing | Romeo and Juliet Watch
17%
Henry VI Part 3 Watchmen
17%
Much Ado About Nothing | Romeo and Juliet | The Merchant of Venice Balthasar
16%
The Comedy of Errors Balthazar
16%
Henry VI Part 3 Brethren
16%
Cymbeline Brothers
16%
Troilus and Cressida Cassandra
16%
The Merry Wives of Windsor Doctor Caius
16%
Much Ado About Nothing Dogberry
16%
Romeo and Juliet Gregory
16%
The Two Noble Kinsmen Jailer's Brother
16%
King John Lord Bigot, Earl of Norfolk
16%
Cymbeline | Othello | Romeo and Juliet | +3 others Musicians
16%
Measure for Measure Pompey
16%
Coriolanus | Cymbeline | Othello | +2 others Senators
16%
Twelfth Night Sir Toby Belch
16%
Titus Andronicus Aaron
15%
Troilus and Cressida Agamemnon
15%
Macbeth Apparitions
15%
Titus Andronicus Caius
15%
Julius Caesar Calpurnia
15%
As You Like It Celia
15%
King Lear Duke of Albany
15%
Henry V | Henry VI Part 1 | King Lear Duke of Burgundy
15%
Henry VI Part 3 | Henry VIII | Richard III Duke of Norfolk
15%
Henry VI Part 3 Earl of Northumberland
15%
Henry VI Part 1 General
15%
Macbeth Hecate
15%
Henry IV Part 2 Lady Northumberland
15%
Henry VI Part 3 Mayor of Coventry
15%
A Midsummer Night's Dream Mustardseed
15%
Timon of Athens Old Athenian
15%
The Taming of the Shrew Pedant
15%
Henry VI Part 2 Simpcox's Wife
15%
Troilus and Cressida Ajax
14%
Macbeth Angus
14%
The Merchant of Venice Bassanio
14%
A Midsummer Night's Dream Cobweb
14%
Henry VI Part 2 | Henry VIII | Richard III Duke of Buckingham
14%
King John Earl of Essex
14%
A Midsummer Night's Dream Flute
14%
Henry V Heralds
14%
Henry VIII | Titus Andronicus Judges
14%
Titus Andronicus Lavinia
14%
Henry IV Part 1 | Henry IV Part 2 | Henry V | The Merry Wives of Windsor Mistress Quickly
14%
Henry V Montjoy
14%
Coriolanus Nicanor
14%
King Lear | Macbeth Old Man
14%
A Midsummer Night's Dream Peaseblossom
14%
A Midsummer Night's Dream Peter Quince
14%
Othello Roderigo
14%
The Two Gentlemen of Verona | Titus Andronicus | Twelfth Night Valentine
14%
Romeo and Juliet Abraham
13%
Coriolanus | The Tempest Adrian
13%
Measure for Measure | The Comedy of Errors Angelo
13%
Hamlet, Prince of Denmark Bernardo
13%
Henry VIII Bishop of London
13%
Othello Brabantio
13%
Henry IV Part 1 Carriers
13%
Henry VIII Countesses
13%
Henry VI Part 1 Countess of Auvergne
13%
All's Well That Ends Well Countess of Rousillon
13%
Henry VI Part 2 | Henry VIII Duke of Suffolk
13%
Henry VI Part 1 Earl of Suffolk
13%
Cymbeline Imogen
13%
As You Like It Jaques
13%
Macbeth Lennox
13%
Edward III Lord Percy
13%
Henry VI Part 2 Mayor of St Alban's
13%
The Tempest Nymphs
13%
Troilus and Cressida Priam
13%
The Two Gentlemen of Verona Silvia
13%
Henry VIII Stephen Gardiner, Bishop of Winchester
13%
Much Ado About Nothing Ursula
13%
Richard II Abbot of Westminster
12%
Henry V Alice
12%
Julius Caesar Casca
12%
Julius Caesar Cinna
12%
Julius Caesar Cinna the Poet
12%
The Merchant of Venice Clerk
12%
Cymbeline | Hamlet, Prince of Denmark Cornelius
12%
The Comedy of Errors Dromio of Ephesus
12%
The Comedy of Errors Dromio of Syracuse
12%
Henry V Earl of Cambridge
12%
Henry VI Part 3 | Richard III Earl of Oxford
12%
Hamlet, Prince of Denmark | The Tempest Francisco
12%
Coriolanus | Henry VI Part 2 | King Lear | +2 others Herald
12%
Edward III | Henry VI Part 1 | King John | Richard II Heralds
12%
The Two Gentlemen of Verona Launce
12%
The Merchant of Venice Launcelot Gobbo
12%
Much Ado About Nothing Leonato
12%
Hamlet, Prince of Denmark Marcellus
12%
Henry VI Part 3 Nobleman
12%
Henry VIII Nobles
12%
Hamlet, Prince of Denmark Osric
12%
King Lear Oswald
12%
The Winter's Tale Perdita
12%
Henry VI Part 1 | The Winter's Tale Shepherd
12%
The Winter's Tale Shepherds
12%
Macbeth Siward
12%
Antony and Cleopatra | Cymbeline | Julius Caesar Soothsayer
12%
Macbeth Young Siward
12%
Troilus and Cressida Aeneas
11%
Henry VI Part 1 Bastard of Orleans
11%
Henry V Corporal Nym
11%
Henry VI Part 2 Dick the Butcher
11%
Henry IV Part 2 | Henry VIII | Richard III Earl of Surrey
11%
Edward III | Henry IV Part 2 | Henry V | +3 others Earl of Warwick
11%
Henry IV Part 1 Earl of Worcester
11%
A Midsummer Night's Dream Egeus
11%
Richard III Grey
11%
Cymbeline Jupiter
11%
The Winter's Tale King Leontes
11%
Henry VIII Lord Chamberlain
11%
The Merchant of Venice Lorenzo
11%
The Merry Wives of Windsor Nym
11%
King Lear | The Taming of the Shrew Officer
11%
Antony and Cleopatra | Coriolanus | Henry IV Part 2 | +8 others Officers
11%
Troilus and Cressida Patroclus
11%
As You Like It Phebe
11%
Antony and Cleopatra Philo
11%
Henry V Sir Thomas Grey
11%
Henry VI Part 2 Smith the Weaver
11%
As You Like It Touchstone
11%
Henry VI Part 2 Asmath
10%
As You Like It Audrey
10%
Julius Caesar Cato
10%
Richard III Earl of Derby
10%
Edward III | Henry V | Henry VI Part 1 | +3 others Earl of Salisbury
10%
Measure for Measure Escalus
10%
The Two Noble Kinsmen Executioner
10%
King John Executioners
10%
Julius Caesar | Timon of Athens Flavius
10%
Titus Andronicus Hunters
10%
The Taming of the Shrew Huntsmen
10%
The Tempest Juno
10%
Henry VI Part 1 Lawyer
10%
The Merchant of Venice Leonardo
10%
All's Well That Ends Well | Measure for Measure Mariana
10%
Titus Andronicus Martius
10%
Henry VI Part 2 | The Tempest Master
10%
Troilus and Cressida Menelaus
10%
Julius Caesar | Timon of Athens Poet
10%
Henry VI Part 2 Roger Bolingbroke
10%
Macbeth Seyton
10%
Henry VIII Sir Thomas Cromwell
10%
Edward III | Pericles, Prince of Tyre Squires
10%
The Merchant of Venice | The Tempest Stephano
10%
Titus Andronicus Tamora
10%
The Tempest Trinculo
10%
Much Ado About Nothing Verges
10%
Coriolanus Volumnia
10%
Henry VI Part 1 Woodvile
10%
Henry V Ancient Pistol
9%
The Comedy of Errors Antipholus of Ephesus
9%
The Comedy of Errors Antipholus of Syracuse
9%
Henry IV Part 1 | Henry IV Part 2 | The Merry Wives of Windsor Bardolph
9%
All's Well That Ends Well Bertram
9%
Henry VI Part 1 Bishop of Winchester
9%
The Tempest Boatswain
9%
Much Ado About Nothing Borachio
9%
Henry VI Part 2 Cardinal Beaufort
9%
Much Ado About Nothing Conrade
9%
As You Like It Dennis
9%
Henry VI Part 3 Duke of Somerset
9%
Othello | The Merchant of Venice Gratiano
9%
Henry VI Part 3 Huntsman
9%
The Tempest Iris
9%
Henry V King Charles VI
9%
Antony and Cleopatra | Julius Caesar Lepidus
9%
Henry V Lieutenant Bardolph
9%
Coriolanus Lieutenants
9%
Henry IV Part 2 Lord Bardolph
9%
The Comedy of Errors Luce
9%
Henry IV Part 2 | The Merry Wives of Windsor Pistol
9%
Love's Labour's Lost Sir Nathaniel
9%
Richard III Sir Robert Brackenbury
9%
Henry VI Part 1 Sir William Lucy
9%
A Midsummer Night's Dream Starveling
9%
All's Well That Ends Well Steward
9%
The Taming of the Shrew Vincentio
9%
The Comedy of Errors Adriana
8%
The Tempest Alonso
8%
Hamlet, Prince of Denmark | Henry V | Henry VI Part 1 Ambassadors
8%
Henry VIII Anne Bullen
8%
Macbeth Caithness
8%
Antony and Cleopatra Charmian
8%
Titus Andronicus Chiron
8%
Edward III Danes
8%
Antony and Cleopatra | Troilus and Cressida Diomedes
8%
The Winter's Tale Dion
8%
Henry V | Henry VI Part 1 | Henry VI Part 3 Duke of Exeter
8%
Henry VI Part 1 | Henry VI Part 2 Duke of Somerset
8%
Edward III Earl of Derby
8%
Henry IV Part 2 | Henry V Earl of Westmoreland
8%
The Tempest Gonzalo
8%
Henry V Governor of Harfleur
8%
Richard II Groom of the Stable
8%
Henry IV Part 2 Grooms
8%
The Merry Wives of Windsor | The Two Gentlemen of Verona Host
8%
Henry VI Part 1 Joan La Pucelle
8%
Henry VI Part 3 King Lewis XI
8%
King John Lady Constance
8%
Henry VI Part 3 Lieutenant of the Tower
8%
Measure for Measure Lucio
8%
Henry VIII Marchioness Dorset
8%
Henry VIII Marquess Dorset
8%
Richard III Marquis of Dorset
8%
Coriolanus Menenius Agrippa
8%
Macbeth Menteith
8%
The Merchant of Venice Old Gobbo
8%
Pericles, Prince of Tyre Pirates
8%
Hamlet, Prince of Denmark Reynaldo
8%
Romeo and Juliet Sampson
8%
Henry VI Part 1 | Macbeth Sergeant
8%
Henry VIII Sergeant-at-Arms
8%
Henry IV Part 1 | King John | Richard III Sheriff
8%
Henry VI Part 2 Sheriff of London
8%
As You Like It Silvius
8%
The Taming of the Shrew Tailor
8%
The Taming of the Shrew Widow
8%
All's Well That Ends Well Widow of Florence
8%
Antony and Cleopatra Agrippa
7%
Troilus and Cressida Andromache
7%
Pericles, Prince of Tyre Antiochus
7%
Love's Labour's Lost Berowne
7%
The Tempest Ceres
7%
King Lear Curan
7%
Julius Caesar Decius Brutus
7%
Antony and Cleopatra Domitius Enobarbus
7%
Henry V Duke of Orleans
7%
Twelfth Night Fabian
7%
Pericles, Prince of Tyre Fishermen
7%
The Merry Wives of Windsor Ford
7%
Much Ado About Nothing Friar Francis
7%
The Two Noble Kinsmen Friends
7%
Richard II Gardener
7%
Henry IV Part 2 | Henry V Gower
7%
Richard II Green
7%
The Taming of the Shrew Gremio
7%
Henry VIII Griffith
7%
As You Like It | The Two Noble Kinsmen Hymen
7%
Henry VIII | Richard II Keeper
7%
Henry VI Part 3 Keepers
7%
Othello Lodovico
7%
Pericles, Prince of Tyre Marina
7%
Measure for Measure Mistress Overdone
7%
Othello Montano
7%
The Merchant of Venice Nerissa
7%
Troilus and Cressida Nestor
7%
Timon of Athens Painter
7%
The Winter's Tale Paulina
7%
Henry VI Part 2 Post
7%
Cymbeline Posthumus Leonatus
7%
Henry VI Part 3 Posts
7%
The Two Gentlemen of Verona Proteus
7%
Titus Andronicus Quintus
7%
Much Ado About Nothing Sexton
7%
As You Like It Amiens
6%
The Winter's Tale Antigonus
6%
Timon of Athens Banditti
6%
The Taming of the Shrew Baptista
6%
Henry V | Henry VIII | Richard III Bishop of Ely
6%
Henry VIII Bishop of Lincoln
6%
Henry IV Part 1 Chamberlain
6%
The Taming of the Shrew Christopher Sly
6%
Pericles, Prince of Tyre Cleon
6%
Cymbeline Cloten
6%
Henry V Constable of France
6%
As You Like It Corin
6%
The Comedy of Errors Courtezan
6%
As You Like It Duke Senior
6%
Henry IV Part 1 Earl of Douglas
6%
Henry IV Part 1 | Henry VI Part 1 Edmund Mortimer
6%
Antony and Cleopatra Egyptian
6%
Measure for Measure Elbow
6%
Antony and Cleopatra Eros
6%
The Winter's Tale Florizel
6%
Measure for Measure Francisca
6%
The Taming of the Shrew Grumio
6%
Henry IV Part 2 Hastings
6%
The Taming of the Shrew Hostess
6%
Henry VI Part 3 Hugh Mortimer
6%
Antony and Cleopatra Iras
6%
As You Like It Jaques De Boys
6%
Henry VI Part 3 John Mortimer
6%
Henry IV Part 1 Lady Mortimer
6%
Henry VIII Lord Chancellor
6%
Henry VI Part 3 | Richard III Lord Hastings
6%
The Taming of the Shrew Lucentio
6%
The Comedy of Errors Luciana
6%
Edward III | The Winter's Tale Mariner
6%
Julius Caesar Metellus Cimber
6%
Henry V Michael Williams
6%
The Two Noble Kinsmen Nymphs
6%
Henry IV Part 1 Owen Glendower
6%
A Midsummer Night's Dream Philostrate
6%
Henry VIII Scribes
6%
Edward III Sir William Douglas
6%
Coriolanus Usher
6%
Hamlet, Prince of Denmark Voltimand
6%
Measure for Measure Abhorson
5%
The Comedy of Errors Aegeon
5%
Titus Andronicus Bassianus
5%
Cymbeline Belarius
5%
King John Blanche of Castile
5%
The Two Noble Kinsmen Countrymen
5%
Henry VIII Crier
5%
Twelfth Night Curio
5%
Pericles, Prince of Tyre Dionyza
5%
Antony and Cleopatra Dolabella
5%
Love's Labour's Lost Don Adriano de Armado
5%
Henry V Duke of Bretagne
5%
Love's Labour's Lost Dumain
5%
Cymbeline Dutchman
5%
Henry IV Part 1 | Henry VI Part 3 Earl of Westmoreland
5%
Henry V Fluellen
5%
As You Like It | Love's Labour's Lost Forester
5%
Cymbeline Frenchman
5%
Measure for Measure Friar Peter
5%
Troilus and Cressida Helenus
5%
The Taming of the Shrew Hortensio
5%
Cymbeline Iachimo
5%
Henry VI Part 2 Jack Cade
5%
Henry V Jamy
5%
Measure for Measure Justice
5%
As You Like It Le Beau
5%
Richard II Lord Marshal
5%
Henry VI Part 3 Lord Stafford
5%
The Merry Wives of Windsor Mistress Page
5%
Henry IV Part 2 Mowbray
5%
Romeo and Juliet Old Capulet
5%
The Two Gentlemen of Verona Outlaws
5%
Pericles, Prince of Tyre Pandar
5%
Troilus and Cressida Pandarus
5%
The Winter's Tale Polixenes
5%
Julius Caesar | Titus Andronicus Publius
5%
Titus Andronicus Saturninus
5%
Coriolanus Sicinius Velutus
5%
Henry VI Part 2 Sir Humphrey Stafford
5%
As You Like It Sir Oliver Martext
5%
Henry VI Part 3 Sir William Stanley
5%
The Two Gentlemen of Verona Speed
5%
Henry VI Part 2 Stanley
5%
The Taming of the Shrew Tranio
5%
Henry IV Part 1 Travellers
5%
Julius Caesar Trebonius
5%
Cymbeline | Titus Andronicus Tribunes
5%
The Merchant of Venice Tubal
5%
Coriolanus Tullus Aufidius
5%
Coriolanus Valeria
5%
Antony and Cleopatra | Measure for Measure Varrius
5%
Henry VI Part 2 William Stafford
5%
Titus Andronicus Alarbus
4%
Antony and Cleopatra Alexas
4%
Troilus and Cressida Antenor
4%
Julius Caesar Artemidorus
4%
The Winter's Tale Autolycus
4%
Richard II Bagot
4%
Measure for Measure Barnardine
4%
Pericles, Prince of Tyre Bawd
4%
Richard II Bishop of Carlisle
4%
Henry VIII Bishop of Rochester
4%
Love's Labour's Lost Boyet
4%
Richard II Bushy
4%
Troilus and Cressida Calchas
4%
The Winter's Tale Camillo
4%
Antony and Cleopatra Canidius
4%
The Two Gentlemen of Verona Crab
4%
Timon of Athens Cupid
4%
Troilus and Cressida Deiphobus
4%
Henry IV Part 2 Doll Tearsheet
4%
The Winter's Tale Dorcas
4%
Love's Labour's Lost Dull
4%
Henry VI Part 3 | King John Earl of Pembroke
4%
The Two Gentlemen of Verona Eglamour
4%
Antony and Cleopatra Eunuchs
4%
Antony and Cleopatra Gallus
4%
Titus Andronicus Goths
4%
Love's Labour's Lost Holofernes
4%
King John Hubert
4%
Henry IV Part 2 Justice Shallow
4%
Love's Labour's Lost Longaville
4%
Edward III Lord Mountford
4%
Julius Caesar | Timon of Athens Lucilius
4%
Antony and Cleopatra Maecenas
4%
Antony and Cleopatra Mardian
4%
Henry VI Part 1 Master Gunner
4%
The Merry Wives of Windsor Mistress Ford
4%
Titus Andronicus Mutius
4%
Henry IV Part 1 | Henry IV Part 2 Ned Poins
4%
All's Well That Ends Well Parolles
4%
Coriolanus Patricians
4%
Julius Caesar Popilius Lena
4%
Measure for Measure Provost
4%
The Merchant of Venice Salanio
4%
The Merchant of Venice Salerio
4%
Antony and Cleopatra Scarus
4%
Antony and Cleopatra Seleucus
4%
Henry VI Part 1 Sentinels
4%
The Merry Wives of Windsor Shallow
4%
The Winter's Tale Shepherdesses
4%
Henry VI Part 2 Simpcox
4%
Cymbeline Spaniard
4%
Antony and Cleopatra Taurus
4%
Troilus and Cressida Thersites
4%
The Two Gentlemen of Verona Thurio
4%
Julius Caesar Varro
4%
Antony and Cleopatra | Timon of Athens Ventidius
4%
All's Well That Ends Well Violenta
4%
Coriolanus Virgilia
4%
Julius Caesar Volumnius
4%
Coriolanus Aediles
3%
Titus Andronicus Aemilius
3%
Henry VI Part 2 Apprentices
3%
The Two Noble Kinsmen Arcite
3%
Cymbeline Arviragus
3%
The Taming of the Shrew Biondello
3%
Julius Caesar Caius Ligarius
3%
The Winter's Tale Cleomenes
3%
Julius Caesar Clitus
3%
Love's Labour's Lost Costard
3%
Julius Caesar Dardanius
3%
Antony and Cleopatra Dercetas
3%
Richard II Duke of Aumerle
3%
Henry V Duke of Berri
3%
Richard III Earl Rivers
3%
Antony and Cleopatra Euphronius
3%
The Merry Wives of Windsor Fenton
3%
Measure for Measure Friar Thomas
3%
Measure for Measure Froth
3%
Cymbeline Guiderius
3%
The Taming of the Shrew Haberdasher
3%
Love's Labour's Lost Jaquenetta
3%
Henry V John Bates
3%
King John Lady Faulconbridge
3%
Henry IV Part 1 | Henry IV Part 2 Lady Percy
3%
All's Well That Ends Well Lafeu
3%
King John Limoges, Duke of Austria
3%
Henry VI Part 2 | Henry VI Part 3 Lord Clifford
3%
Henry VI Part 3 Lord Rivers
3%
The Two Gentlemen of Verona Lucetta
3%
Timon of Athens Lucullus
3%
Henry V Macmorris
3%
Julius Caesar Marullus
3%
Henry VI Part 2 Master's Mate
3%
Antony and Cleopatra Menas
3%
Antony and Cleopatra Menecrates
3%
Love's Labour's Lost Mercade
3%
Julius Caesar Messala
3%
The Winter's Tale Mopsa
3%
The Two Noble Kinsmen Palamon
3%
Cymbeline Philario
3%
The Comedy of Errors Pinch
3%
Julius Caesar Pindarus
3%
Cymbeline Pisanio
3%
Antony and Cleopatra Proculeius
3%
Henry VI Part 1 Reignier, Duke of Anjou
3%
The Merchant of Venice Salarino
3%
The Two Noble Kinsmen Schoolmaster
3%
Coriolanus | Henry VI Part 1 Scout
3%
Henry V Scroop
3%
Antony and Cleopatra Silius
3%
The Merry Wives of Windsor Sir Hugh Evans
3%
Richard II Sir Stephen Scroop
3%
The Merry Wives of Windsor Slender
3%
Julius Caesar Strato
3%
Pericles, Prince of Tyre Thaisa
3%
Antony and Cleopatra Thyreus
3%
Julius Caesar Titinius
3%
Henry VI Part 3 Tutor
3%
Henry VI Part 2 Young Clifford
3%
Henry VI Part 3 Admiral Bourbon
2%
Timon of Athens Alcibiades
2%
Henry V Alexander Court
2%
Henry VI Part 2 Alexander Iden
2%
Timon of Athens Apemantus
2%
The Winter's Tale Archidamus
2%
Henry VI Part 2 Beadle
2%
Henry IV Part 2 Beadles
2%
Richard III Berkeley
2%
Henry IV Part 2 Blunt
2%
Pericles, Prince of Tyre Boult
2%
Henry VIII Brandon
2%
Pericles, Prince of Tyre Cerimon
2%
King John Chatillon
2%
Coriolanus Cominius
2%
Henry IV Part 2 Davy
2%
Henry VIII Doctor Butts
2%
Henry V Duke of Bourbon
2%
Henry VI Part 1 Fiends
2%
Timon of Athens Flaminius
2%
Pericles, Prince of Tyre Helicanus
2%
Timon of Athens Jeweller
2%
Henry VI Part 2 John Holland
2%
Henry VI Part 1 John Talbot
2%
Henry IV Part 2 Justice Silence
2%
Richard II Lord Berkeley
2%
Pericles, Prince of Tyre Lychorida
2%
The Winter's Tale Mamillius
2%
Troilus and Cressida Margarelon
2%
Henry IV Part 2 Morton
2%
Henry VI Part 2 Neighbors
2%
The Two Gentlemen of Verona Panthino
2%
Pericles, Prince of Tyre Philemon
2%
The Winter's Tale Satyrs
2%
Richard III Scrivener
2%
Henry VIII Secretaries
2%
Timon of Athens | Titus Andronicus Sempronius
2%
Henry IV Part 2 Shadow
2%
Cymbeline Sicilius Leonatus
2%
The Merry Wives of Windsor Simple
2%
Richard III Sir James Blunt
2%
Richard III Sir James Tyrrel
2%
Henry VI Part 1 Sir John Fastolfe
2%
Henry IV Part 1 Sir Walter Blunt
2%
Richard III Sir Walter Herbert
2%
Richard III Sir William Brandon
2%
Richard III Sir William Catesby
2%
Timon of Athens Strangers
2%
Henry VI Part 1 Talbot
2%
Pericles, Prince of Tyre Thaliard
2%
Henry VI Part 2 Thomas Horner
2%
Timon of Athens Timandra
2%
Henry VIII Vergers
2%
The Two Noble Kinsmen Wooer
2%
Henry VI Part 3 | Henry VIII Aldermen
1%
The Two Noble Kinsmen Artesius
1%
Henry VI Part 1 Basset
1%
Henry IV Part 2 Bullcalf
1%
Timon of Athens Caphis
1%
Henry VIII Choristers
1%
Henry VI Part 2 Clerk of Chatham
1%
Henry VI Part 1 Duke of Alencon
1%
Pericles, Prince of Tyre Escanes
1%
Richard II Exton
1%
Henry VI Part 2 Falconers
1%
Henry IV Part 2 Fang
1%
Henry IV Part 2 Feeble
1%
Henry IV Part 1 Gadshill
1%
Henry VIII Garter
1%
Henry IV Part 2 Harcourt
1%
Timon of Athens Hortensius
1%
Henry VI Part 2 John Hume
1%
Henry VI Part 2 John Southwell
1%
Edward III King of Bohemia
1%
Henry VI Part 3 Lady Bona
1%
Henry VI Part 1 Legate
1%
Pericles, Prince of Tyre Leonine
1%
Edward III Lodowick
1%
Henry IV Part 2 Lord Chief-Justice
1%
Richard II Lord Fitzwater
1%
Henry V Lord Grandpre
1%
Richard III Lord Lovel
1%
Henry V Lord Rambures
1%
Henry VI Part 2 Lord Say
1%
Richard II Lord Willoughby
1%
Pericles, Prince of Tyre Lysimachus
1%
The Merchant of Venice Magnificoes
1%
Henry IV Part 1 Ostler
1%
Henry IV Part 1 | Henry IV Part 2 Peto
1%
Timon of Athens Phrynia
1%
The Two Noble Kinsmen Pirithous
1%
Richard III Pursuivant
1%
The Merry Wives of Windsor Rugby
1%
Timon of Athens Servilius
1%
Pericles, Prince of Tyre Simonides
1%
Henry VIII Sir Anthony Denny
1%
Richard III Sir Christopher Urswick
1%
Henry VI Part 3 Sir John Montgomery
1%
Henry VIII Sir Nicholas Vaux
1%
Richard III Sir Richard Ratcliffe
1%
Henry IV Part 1 Sir Richard Vernon
1%
Henry V Sir Thomas Erpingham
1%
Henry VIII Sir Thomas Lovell
1%
Richard III Sir Thomas Vaughan
1%
Henry IV Part 2 Snare
1%
The Two Noble Kinsmen Taborer
1%
Henry IV Part 2 Travers
1%
Richard III Tressel
1%
The Two Noble Kinsmen Valerius
1%
Henry VI Part 2 Vaux
1%
Henry VI Part 1 Vernon
1%
Henry IV Part 1 Vintner
1%
Henry IV Part 2 Wart
1%
Henry VIII Bishop of Saint Asaph
0%
King John Cardinal Pandulph
0%
Edward III Duke of Lorraine
0%
Henry VI Part 2 George Bevis
0%
Edward III Gobin de Grey
0%
King John James Gurney
0%
Henry IV Part 2 John Colevile
0%
Edward III John Copland
0%
Henry VIII Lord Abergavenny
0%
Edward III Lord Audley
0%
Henry VIII Lord Capucius
0%
Henry VIII Lord Sands
0%
Henry VI Part 2 Lord Scales
0%
Henry VI Part 2 Matthew Goffe
0%
Henry IV Part 2 Mouldy
0%
Henry VI Part 2 Petitioners
0%
Timon of Athens Philotus
0%
Edward III Robert, Count of Artois
0%
Henry VI Part 2 Sawyer
0%
Henry VIII Sir Henry Guildford
0%
Henry VI Part 3 Sir John Somerville
0%
Henry VI Part 1 Sir Thomas Gargrave
0%
Henry VI Part 1 Sir William Glansdale
0%
Henry VIII Surveyor
0%
Edward III Villiers
0%
King John Viscount of Melun
0%
Henry VI Part 2 Walter Whitmore
0%
No matching quizzes found
Score Distribution
Percent of People with Each Score
Percentile by Number Answered
Your Score History
You have not taken this quiz